000 00339 a2200157 4500
001 183048
020 _a
040 _cMagnum
100 _aDângelo, Ana Lúcia Vellinho
240 1 0 _aHistórias de trabalho
_lpor
245 1 0 _aHistórias de trabalho
300 _a170
362 0 _a1995
697 _aLITERATURA GERAL
942 _cBK
999 _c183048
_d183048